All 7 Letter Words that Begin With G - Statistics

General Stats
  • This quiz has been taken 14 times
  • The average score is 247 of 1564
Answer Stats
% Correct
gutters
91%
ghosted
82%
giggles
82%
gingers
82%
glacier
82%
grabbed
82%
grander
82%
grandma
82%
grandpa
82%
gratten
82%
grazing
82%
greaser
82%
greener
82%
greeter
82%
gaffers
73%
gaggles
73%
gaining
73%
gamming
73%
gearman
73%
gearmen
73%
general
73%
geysers
73%
giggled
73%
giggler
73%
giraffe
73%
glaring
73%
glassed
73%
glasser
73%
glasses
73%
glidder
73%
gliders
73%
globing
73%
glowing
73%
goalies
73%
goggles
73%
googles
73%
grabber
73%
gracing
73%
gradden
73%
grading
73%
grammar
73%
grating
73%
gravels
73%
greased
73%
greases
73%
greeted
73%
groping
73%
grouped
73%
grouper
73%
growers
73%
guesten
73%
guester
73%
guilder
73%
gunning
73%
gutting
73%
gaffing
64%
gallows
64%
gambler
64%
garters
64%
gashing
64%
gaspers
64%
gasping
64%
gassing
64%
gelling
64%
gentles
64%
gifting
64%
gladden
64%
glamped
64%
glazing
64%
gliding
64%
glimmer
64%
glossed
64%
glovers
64%
gloving
64%
glowers
64%
glueing
64%
gobbler
64%
gooding
64%
googled
64%
graders
64%
gradual
64%
grafted
64%
grafter
64%
granite
64%
granted
64%
graphed
64%
graying
64%
grazers
64%
greater
64%
greened
64%
greying
64%
griddle
64%
grieved
64%
griever
64%
grifter
64%
groomer
64%
grounds
64%
growing
64%
growled
64%
guessed
64%
guesser
64%
guested
64%
guiding
64%
guilted
64%
gunners
64%
gusting
64%
gagging
55%
galling
55%
gambits
55%
gambled
55%
gambles
55%
gapping
55%
gardens
55%
gargled
55%
gargler
55%
gargles
55%
garment
55%
garners
55%
garnets
55%
garnish
55%
gaunter
55%
gearing
55%
genders
55%
generic
55%
gentler
55%
germans
55%
gesture
55%
getting
55%
giddier
55%
gingery
55%
glamper
55%
gleamed
55%
gleamer
55%
gloated
55%
gloater
55%
glutton
55%
goaling
55%
goatees
55%
gobbled
55%
gobbles
55%
goggled
55%
goggler
55%
goldens
55%
golfing
55%
goodies
55%
gophers
55%
governs
55%
granger
55%
granges
55%
granter
55%
grapple
55%
grasped
55%
grasper
55%
grassed
55%
graters
55%
gravely
55%
graving
55%
grieves
55%
grifted
55%
grimmer
55%
grinder
55%
grinned
55%
grinner
55%
griping
55%
gripper
55%
grizzle
55%
groaner
55%
groomed
55%
grossed
55%
grosser
55%
grosses
55%
growler
55%
grunter
55%
guarded
55%
guarder
55%
guesses
55%
guiders
55%
guitars
55%
gulling
55%
gurgles
55%
gushing
55%
gabbers
45%
gabbled
45%
gaggers
45%
gainers
45%
gallant
45%
gallery
45%
gallons
45%
gammers
45%
gangles
45%
garcons
45%
gassers
45%
gathers
45%
gaugers
45%
geezers
45%
gelding
45%
gentile
45%
gentled
45%
gerbils
45%
getters
45%
gibbles
45%
giddies
45%
gigging
45%
gilding
45%
gizzard
45%
gladder
45%
glamour
45%
glazers
45%
gleaner
45%
glinted
45%
glitter
45%
gloomed
45%
glugged
45%
gnarled
45%
godlike
45%
goiters
45%
goofing
45%
gooners
45%
gooning
45%
gorilla
45%
Gothics
45%
gowning
45%
grampus
45%
grandee
45%
grasser
45%
grasses
45%
gravers
45%
gravest
45%
gravies
45%
greenie
45%
griffin
45%
grilled
45%
griller
45%
grimier
45%
grimmes
45%
gripers
45%
gripped
45%
gristle
45%
gritted
45%
grizzly
45%
groaned
45%
grooved
45%
groover
45%
grooves
45%
gropers
45%
grubbed
45%
grubber
45%
grunted
45%
gummers
45%
gummies
45%
gumming
45%
guppies
45%
gurgled
45%
gushers
45%
gyrates
45%
gabbing
36%
gabbler
36%
gabbles
36%
gadders
36%
gadding
36%
gadgets
36%
gallops
36%
gambols
36%
gamines
36%
ganders
36%
gangers
36%
ganging
36%
gangled
36%
garages
36%
garbled
36%
garbler
36%
garbles
36%
garland
36%
gaskets
36%
gassier
36%
gaudier
36%
Geaster
36%
genital
36%
genomes
36%
germane
36%
gestate
36%
gestion
36%
ghastly
36%
ghostly
36%
gibbons
36%
giddied
36%
gilders
36%
gillers
36%
gimping
36%
girdler
36%
girdles
36%
glacial
36%
glammed
36%
glassen
36%
glassie
36%
gleaned
36%
glisten
36%
glister
36%
glories
36%
glosses
36%
glubbed
36%
glutens
36%
gnashed
36%
gnawing
36%
goading
36%
goblets
36%
goddess
36%
golfers
36%
gonging
36%
goofier
36%
goonies
36%
gorging
36%
gosling
36%
gouging
36%
grabble
36%
grained
36%
grainer
36%
grandly
36%
grapier
36%
gravity
36%
grayest
36%
greatly
36%
greyest
36%
gridder
36%
griming
36%
grippal
36%
gripple
36%
groined
36%
grossen
36%
groupie
36%
grouses
36%
grouted
36%
grouter
36%
gruffed
36%
gruffer
36%
grumped
36%
grunges
36%
guffaws
36%
guffers
36%
guineas
36%
gullies
36%
gulping
36%
guzzled
36%
guzzler
36%
gyrated
36%
gaiters
27%
gaiting
27%
galleon
27%
galleys
27%
gamings
27%
gammons
27%
gangsta
27%
gannets
27%
gappers
27%
garaged
27%
garbage
27%
garlics
27%
garotte
27%
garrets
27%
garring
27%
garrote
27%
gateman
27%
gatemen
27%
gateway
27%
gauging
27%
gauntly
27%
gawkers
27%
gawking
27%
gayness
27%
gazelle
27%
geekier
27%
gelatin
27%
gelatos
27%
germier
27%
germing
27%
ghillie
27%
gibbers
27%
gibbets
27%
giblets
27%
giggers
27%
gilling
27%
gimbles
27%
gimlets
27%
gimmers
27%
gimmick
27%
ginning
27%
girdled
27%
glanced
27%
glancer
27%
glazier
27%
glibber
27%
glitzes
27%
Glorias
27%
gloried
27%
glucose
27%
glummer
27%
gnashes
27%
gnawers
27%
godless
27%
godlier
27%
goldest
27%
gondola
27%
goodbye
27%
goofers
27%
gorgers
27%
gougers
27%
gourdes
27%
grannie
27%
graphic
27%
gratins
27%
gravied
27%
greaten
27%
greenly
27%
grenade
27%
grimace
27%
grindal
27%
grindel
27%
grindle
27%
gringos
27%
grippes
27%
grossly
27%
grottos
27%
grouser
27%
grovels
27%
grudger
27%
grudges
27%
gruffly
27%
grumble
27%
grunger
27%
guggles
27%
guisers
27%
gulfing
27%
gullets
27%
gullied
27%
gulpers
27%
gumball
27%
gummier
27%
guzzles
27%
gymnast
27%
gaffles
18%
galaxes
18%
gallate
18%
gallets
18%
gallied
18%
gallies
18%
gallous
18%
gametes
18%
gammier
18%
gaolers
18%
gappier
18%
garbing
18%
garfish
18%
garrots
18%
gartens
18%
gaseous
18%
gashier
18%
gasters
18%
gasting
18%
gastric
18%
gateaux
18%
gatings
18%
gaucher
18%
gaudies
18%
gawpers
18%
gaydars
18%
gazumps
18%
geckoes
18%
gemmers
18%
genesis
18%
genetic
18%
genteel
18%
genuine
18%
geology
18%
gerbera
18%
gherkin
18%
ghettos
18%
gibbous
18%
giddily
18%
Gideons
18%
gigolos
18%
gillies
18%
ginners
18%
girders
18%
girthed
18%
gladded
18%
glances
18%
glandes
18%
gleeful
18%
gleemen
18%
gleying
18%
glitchy
18%
glitzed
18%
globule
18%
glommed
18%
gluckes
18%
glutted
18%
goateed
18%
goblins
18%
godling
18%
godsend
18%
goffers
18%
goitres
18%
goldier
18%
Goliath
18%
gollers
18%
goobers
18%
goofily
18%
gooiest
18%
goosier
18%
goosing
18%
gospels
18%
gossips
18%
gotchas
18%
gouters
18%
gracias
18%
grammes
18%
granary
18%
granule
18%
grassie
18%
gratify
18%
grazier
18%
greaves
18%
Greboes
18%
Gregory
18%
gremlin
18%
gribble
18%
grilles
18%
grinnie
18%
grissen
18%
grocers
18%
grocery
18%
grogger
18%
groundy
18%
groused
18%
grubble
18%
grudged
18%
gruelly
18%
gruntle
18%
guggled
18%
gulleys
18%
gunkier
18%
Gunther
18%
gurging
18%
gushily
18%
gustier
18%
gustily
18%
gutless
18%
gutsier
18%
guttier
18%
guttles
18%
gypsums
18%
gabbier
9%
gabbros
9%
gabfest
9%
gabions
9%
gablets
9%
gaboons
9%
Gabriel
9%
gadwall
9%
Gaelics
9%
gagakus
9%
gainful
9%
gainsay
9%
gaither
9%
galabia
9%
galagos
9%
Galatic
9%
galeate
9%
galenas
9%
galette
9%
galilee
9%
galiots
9%
gallfly
9%
Gallian
9%
Gallina
9%
Gallios
9%
galliot
9%
gallnut
9%
galoots
9%
galumph
9%
galyaks
9%
Gambian
9%
gambier
9%
gambist
9%
gambrel
9%
gamiest
9%
gamones
9%
ganache
9%
gangway
9%
ganking
9%
ganoids
9%
ganoins
9%
gaoling
9%
garboil
9%
gardant
9%
gardeny
9%
Gardner
9%
gargets
9%
garigue
9%
garpike
9%
garrons
9%
garveys
9%
gasbags
9%
gascons
9%
gasless
9%
gaspier
9%
gassily
9%
gastral
9%
gatches
9%
gateaus
9%
gattine
9%
gaudily
9%
gauffer
9%
gawkier
9%
gawkies
9%
gazabos
9%
gazania
9%
gazebos
9%
gazette
9%
gealing
9%
gearbox
9%
gearset
9%
geebung
9%
geishas
9%
gelcaps
9%
Geminis
9%
gemlike
9%
gemmate
9%
gemmier
9%
gemmily
9%
gemsbok
9%
genevas
9%
genipap
9%
genista
9%
Genoese
9%
genuses
9%
geoduck
9%
georama
9%
Georges
9%
gerenuk
9%
germens
9%
gerunds
9%
Gervais
9%
gestalt
9%
gestapo
9%
getable
9%
Geullah
9%
giantly
9%
gigabit
9%
gillied
9%
gillnet
9%
gimbled
9%
gimpier
9%
gingiva
9%
gingkos
9%
ginnier
9%
ginseng
9%
girlish
9%
gittern
9%
gladier
9%
glaires
9%
glamors
9%
glarier
9%
glavers
9%
glenoid
9%
gliming
9%
glimpse
9%
globate
9%
gloppen
9%
glorify
9%
glossal
9%
gluemen
9%
glumped
9%
gluteal
9%
gluteus
9%
glutose
9%
glycols
9%
gnarred
9%
gnatter
9%
goatier
9%
goatish
9%
godding
9%
godhood
9%
godsent
9%
godsons
9%
goffled
9%
goffles
9%
goldcup
9%
goldeye
9%
goldish
9%
goodman
9%
goodmen
9%
googols
9%
goolies
9%
gooneys
9%
goopier
9%
gorgets
9%
gorgons
9%
goriest
9%
gorming
9%
goshawk
9%
gotched
9%
gotches
9%
goutier
9%
goutily
9%
gouttee
9%
gracile
9%
gradate
9%
gradine
9%
gradins
9%
graffed
9%
gragers
9%
graisse
9%
gramine
9%
Grammys
9%
grandad
9%
granola
9%
grantee
9%
grasset
9%
gratine
9%
grayish
9%
greiges
9%
Grendel
9%
griding
9%
grieges
9%
griffes
9%
griffon
9%
grimily
9%
grimped
9%
grinnel
9%
griphus
9%
gripier
9%
gristly
9%
grittle
9%
grommet
9%
grouchy
9%
grovier
9%
growths
9%
grumbly
9%
gryphon
9%
gubbins
9%
guestly
9%
gulches
9%
gulfier
9%
Gullahs
9%
gulpier
9%
gumdrop
9%
gummily
9%
gunboat
9%
gunless
9%
gunline
9%
gunnels
9%
gunnery
9%
gunnies
9%
gunship
9%
gunshot
9%
gunters
9%
gunwale
9%
gurdies
9%
Gurkhas
9%
gurring
9%
gushier
9%
gussets
9%
gustoes
9%
Guthrie
9%
gutties
9%
gyrator
9%
gabarit
0%
gabbaim
0%
gabbais
0%
gabbard
0%
gabbart
0%
gabelle
0%
gabgabs
0%
gablock
0%
Gadabas
0%
Gadaria
0%
Gaddang
0%
gadgety
0%
Gadidae
0%
Gaditan
0%
Gadites
0%
gadoids
0%
gadroon
0%
gaedown
0%
Gaeldom
0%
Gaetuli
0%
Gaffkya
0%
gageite
0%
gagroot
0%
gagster
0%
gahnite
0%
gaiassa
0%
gainest
0%
gainors
0%
gairden
0%
gairest
0%
gairten
0%
Galahad
0%
galanas
0%
galanga
0%
galanin
0%
galante
0%
Galatea
0%
Galbula
0%
galbuli
0%
Galchas
0%
Galchic
0%
galeage
0%
galeeny
0%
galeids
0%
galenic
0%
galeoid
0%
galeras
0%
galeres
0%
galerie
0%
galeros
0%
galeted
0%
Galibis
0%
Galidia
0%
galipot
0%
galjoen
0%
gallach
0%
Gallego
0%
gallein
0%
galleta
0%
gallica
0%
Gallice
0%
galline
0%
gallium
0%
galloon
0%
galopin
0%
galtrap
0%
galuths
0%
Galvani
0%
galways
0%
galyacs
0%
gamaris
0%
gambade
0%
gambado
0%
gambang
0%
gambets
0%
gambiae
0%
gambirs
0%
gamboge
0%
gamelan
0%
gametal
0%
gametic
0%
gamobia
0%
gamonts
0%
gamoose
0%
gamouse
0%
ganched
0%
ganches
0%
Ganelon
0%
gangans
0%
gangava
0%
gangens
0%
gangins
0%
gangion
0%
ganglia
0%
gangosa
0%
gangrel
0%
gangsas
0%
gangues
0%
gangwas
0%
Ganodus
0%
ganoine
0%
ganoses
0%
ganosis
0%
gansels
0%
ganseys
0%
ganshed
0%
ganshes
0%
ganting
0%
gantlet
0%
gaonate
0%
garbill
0%
garbure
0%
gardeen
0%
gardies
0%
gargety
0%
garlion
0%
garrupa
0%
garsils
0%
Gartner
0%
garvies
0%
gasboat
0%
gaseity
0%
gashest
0%
gashful
0%
gaskins
0%
gasohol
0%
Gastaut
0%
gastrea
0%
gastrin
0%
gateado
0%
gateage
0%
Gathics
0%
gauchos
0%
gaudery
0%
Gaudian
0%
gaudify
0%
gauffre
0%
gaufres
0%
gaulins
0%
Gaulish
0%
gauming
0%
gauping
0%
gausses
0%
gauster
0%
gauzier
0%
gauzily
0%
gavages
0%
gaveled
0%
gaveler
0%
gavials
0%
gavotte
0%
gawkily
0%
gawkish
0%
gawneys
0%
gawping
0%
gayatri
0%
gaycats
0%
gaylies
0%
gaysome
0%
gayways
0%
gayyous
0%
Gazella
0%
gazooks
0%
gazozes
0%
Geatish
0%
gebanga
0%
gebangs
0%
gecking
0%
geckoid
0%
Gedackt
0%
Gedacts
0%
Gedeckt
0%
gedrite
0%
gedunks
0%
Geechee
0%
geegaws
0%
geekdom
0%
geelbec
0%
geelbek
0%
Gehenna
0%
Geigers
0%
Gekkota
0%
gelable
0%
gelated
0%
gelates
0%
gelidly
0%
gelilah
0%
gellant
0%
gelongs
0%
geloses
0%
Gemaras
0%
Gemaric
0%
gemauve
0%
gemeled
0%
gemelle
0%
gemelli
0%
gemells
0%
geminal
0%
gemmary
0%
gemmels
0%
gemming
0%
gemmoid
0%
gemmula
0%
gemmule
0%
gemotes
0%
genappe
0%
geneses
0%
genesic
0%
Genetta
0%
genette
0%
Genevan
0%
genipas
0%
genitor
0%
genizah
0%
genizot
0%
genoids
0%
genoise
0%
genomic
0%
genseng
0%
gentian
0%
Gentoos
0%
geodesy
0%
geodiid
0%
geodist
0%
geogens
0%
geogony
0%
geoidal
0%
geomyid
0%
geonoma
0%
Geordie
0%
georgic
0%
geosere
0%
geosmin
0%
geotags
0%
Gepidae
0%
geranyl
0%
gerated
0%
gerates
0%
geratic
0%
gerefas
0%
gerents
0%
germons
0%
germule
0%
gersums
0%
Gerusia
0%
Gerzean
0%
gesiths
0%
Gesnera
0%
gessoed
0%
gessoes
0%
geswarp
0%
getaway
0%
getling
0%
Getsuls
0%
Getulan
0%
Geulahs
0%
gewgaws
0%
geylies
0%
gezerah
0%
gezerot
0%
ghaffir
0%
Ghanese
0%
Ghanian
0%
gharial
0%
ghasels
0%
ghawazi
0%
ghazals
0%
ghazels
0%
Ghegish
0%
Ghilzai
0%
ghoulie
0%
ghrelin
0%
Ghurkha
0%
giaours
0%
giardia
0%
gibaros
0%
gibbose
0%
giblehs
0%
giboias
0%
Gibsons
0%
gibuses
0%
giclees
0%
giddify
0%
giddyap
0%
giddyup
0%
gidgeas
0%
gidgees
0%
gidyeas
0%
gifolas
0%
giftees
0%
gifties
0%
gigback
0%
gigeria
0%
giglets
0%
giglots
0%
Gilakis
0%
gilbert
0%
Gilenos
0%
gilgais
0%
gilguys
0%
Giliaks
0%
gillars
0%
gilpeys
0%
gilpies
0%
Gilyaks
0%
gimbals
0%
gimlety
0%
gimmals
0%
gimmors
0%
gingham
0%
ginkgos
0%
ginnery
0%
giocoso
0%
gioioso
0%
giojoso
0%
Giraffa
0%
girasol
0%
girding
0%
Girella
0%
girleen
0%
girnals
0%
girnels
0%
girning
0%
girolle
0%
girting
0%
gisants
0%
gisarme
0%
gitalin
0%
gitanas
0%
gitanos
0%
gitonin
0%
gitoxin
0%
Gittite
0%
giulios
0%
giviest
0%
gizzern
0%
gjedost
0%
gjetost
0%
glaceed
0%
glacons
0%
gladdon
0%
gladful
0%
gladite
0%
gladius
0%
glagahs
0%
glaiket
0%
glaikit
0%
glaives
0%
glaizie
0%
Glasite
0%
glastig
0%
Glauber
0%
Glaucus
0%
glaumed
0%
glazily
0%
Gleason
0%
glebier
0%
Glecoma
0%
gleeked
0%
gleeman
0%
glented
0%
gleydes
0%
gliadin
0%
glidant
0%
gliffed
0%
gliomas
0%
glioses
0%
gliosis
0%
gliotic
0%
glirids
0%
glirine
0%
glisked
0%
glisses
0%
Glisson
0%
globins
0%
globoid
0%
globose
0%
globous
0%
glochid
0%
glochis
0%
glomera
0%
gloring
0%
glossae
0%
glossas
0%
glottal
0%
glottic
0%
glottis
0%
glouted
0%
glozing
0%
glucans
0%
glucide
0%
glueman
0%
gluiest
0%
gluside
0%
glutoid
0%
glycans
0%
Glycera
0%
glycine
0%
glycins
0%
glycose
0%
glycyls
0%
glyoxal
0%
glyphic
0%
glyptic
0%
Gmelina
0%
gnapped
0%
gnathal
0%
gnathic
0%
gnetums
0%
gnocchi
0%
gnomish
0%
gnomons
0%
gnostic
0%
goadman
0%
goadmen
0%
Goajiro
0%
Goanese
0%
goannas
0%
gobbets
0%
Gobelin
0%
gobiids
0%
gobioid
0%
gobline
0%
godetia
0%
godhead
0%
godkins
0%
godlets
0%
godlily
0%
godowns
0%
godpapa
0%
godship
0%
Godward
0%
godwits
0%
goeduck
0%
goeties
0%
goettas
0%
goeyduc
0%
goglets
0%
gohanna
0%
Goidels
0%
goitcho
0%
goitred
0%
golachs
0%
goldarn
0%
goldbug
0%
goldite
0%
goldtit
0%
goldurn
0%
goliard
0%
golilla
0%
gollars
0%
Goloses
0%
Goluses
0%
gombeen
0%
gomeral
0%
gomerel
0%
gomeril
0%
gommier
0%
gompows
0%
gomutis
0%
gonadal
0%
gonakes
0%
gonakie
0%
gondang
0%
gonidia
0%
gonidic
0%
goniffs
0%
gonitis
0%
gonopod
0%
gonotyl
0%
gonyses
0%
goodish
0%
goofahs
0%
goombah
0%
goombay
0%
goondas
0%
goondie
0%
goorals
0%
gootees
0%
goozles
0%
gopuram
0%
gopuras
0%
goracco
0%
gorcock
0%
gorcrow
0%
gordian
0%
gordiid
0%
gordita
0%
Gordius
0%
gorevan
0%
gorgias
0%
gorgios
0%
gorlins
0%
gormand
0%
gormaws
0%
Gorsedd
0%
gorsier
0%
gorsoon
0%
Goshute
0%
Gosiute
0%
gosmore
0%
gospoda
0%
gossans
0%
gossipy
0%
gossoon
0%
gosther
0%
Gothian
0%
Gothick
0%
Gothish
0%
gothite
0%
gouache
0%
goujons
0%
goulash
0%
goumier
0%
goundou
0%
gourami
0%
gourmet
0%
gousles
0%
goustie
0%
goutish
0%
gouttes
0%
gowfing
0%
gowking
0%
gowling
0%
gowpens
0%
Gozitan
0%
gozzard
0%
grabens
0%
grabman
0%
grabmen
0%
grackle
0%
graddan
0%
gradely
0%
gradini
0%
gradino
0%
graiths
0%
Grallae
0%
gramary
0%
gramied
0%
gramies
0%
granats
0%
grandam
0%
granita
0%
grannam
0%
granthi
0%
Grantia
0%
grantor
0%
grapery
0%
Graphis
0%
grapnel
0%
grappas
0%
grapsid
0%
Grapsus
0%
gratton
0%
graupel
0%
gravata
0%
gravedo
0%
gravida
0%
gravior
0%
gravlax
0%
gravure
0%
grawlix
0%
graylag
0%
grayout
0%
graysby
0%
Grecian
0%
Grecism
0%
grecize
0%
greeing
0%
greenth
0%
greenuk
0%
gregale
0%
gregers
0%
gregger
0%
greggle
0%
greisen
0%
greking
0%
gremial
0%
gremios
0%
gremmie
0%
grenado
0%
grexing
0%
greylag
0%
greyout
0%
grieben
0%
grieced
0%
grieces
0%
griesly
0%
grigris
0%
grilses
0%
grimful
0%
Grimmia
0%
gringas
0%
gripman
0%
gripmen
0%
grippit
0%
Griquas
0%
grisard
0%
grisbet
0%
griseum
0%
griskin
0%
grisons
0%
grivets
0%
grivois
0%
grobian
0%
grodier
0%
grogram
0%
grokked
0%
grosers
0%
grosets
0%
Grotian
0%
grotzen
0%
grouzed
0%
grouzes
0%
growthy
0%
groynes
0%
grozart
0%
grugrus
0%
Gruidae
0%
grullas
0%
grullos
0%
grummer
0%
grummet
0%
grumose
0%
grumous
0%
grumphs
0%
grunion
0%
grushie
0%
grusses
0%
grutten
0%
Gruyere
0%
gryllid
0%
gryllus
0%
grysbok
0%
guacima
0%
guacimo
0%
guaduas
0%
Guahibo
0%
Guahivo
0%
guaiacs
0%
guaican
0%
guaiols
0%
guajira
0%
guanaco
0%
guanase
0%
guanays
0%
Guanche
0%
guangos
0%
guanido
0%
guanine
0%
guanyls
0%
guapena
0%
guarabu
0%
guarana
0%
guarani
0%
Guarayo
0%
Guarayu
0%
guardee
0%
guariba
0%
guarris
0%
Guasave
0%
guasima
0%
Guatoan
0%
Guatuso
0%
guavina
0%
guaxima
0%
guayaba
0%
guayabi
0%
guayabo
0%
Guayaki
0%
Guaymis
0%
guayule
0%
Guazuma
0%
guazuti
0%
gudames
0%
guddled
0%
guddles
0%
gudgeon
0%
Guelphs
0%
guemals
0%
guemuls
0%
guenons
0%
guerdon
0%
guereza
0%
guerite
0%
Guetare
0%
Guetars
0%
guglets
0%
guglias
0%
guglios
0%
Guianan
0%
guichet
0%
guidman
0%
guidons
0%
guignes
0%
guignol
0%
guildry
0%
guilery
0%
guimpes
0%
Guinaus
0%
Guinean
0%
guipure
0%
guisard
0%
guizard
0%
Gujrati
0%
gulaman
0%
gularis
0%
guldens
0%
gullery
0%
gullion
0%
gullish
0%
guloses
0%
gulpins
0%
gulsach
0%
gumbies
0%
gumboil
0%
gumhars
0%
gumlahs
0%
gumless
0%
gumlike
0%
gumline
0%
gummata
0%
gummite
0%
gummous
0%
gumping
0%
gumshoe
0%
gumweed
0%
gumwood
0%
gunated
0%
gunates
0%
gundeck
0%
gundies
0%
gundogs
0%
gunfire
0%
gunhand
0%
guniter
0%
gunites
0%
gunlock
0%
gunnera
0%
gunplay
0%
gunport
0%
gunsels
0%
gunsman
0%
gunsmen
0%
guntubs
0%
gunyahs
0%
gunyang
0%
Gunzian
0%
Gurages
0%
Gurians
0%
gurjans
0%
gurjuns
0%
gurlier
0%
gurling
0%
gurnard
0%
gurneys
0%
gurries
0%
Gurunsi
0%
gushets
0%
guslees
0%
gustful
0%
gustoso
0%
Gutians
0%
Gutnics
0%
Gutnish
0%
gutshot
0%
gutsily
0%
guttate
0%
guttide
0%
guttled
0%
guttler
0%
guttula
0%
guttule
0%
gutweed
0%
Gutzeit
0%
guyline
0%
guyvers
0%
Guzerat
0%
gwyniad
0%
Gyarung
0%
gyassas
0%
Gyminda
0%
gymnics
0%
Gymnura
0%
gymnure
0%
gympies
0%
gynecic
0%
gyokuro
0%
gyplure
0%
gypsite
0%
gyrally
0%
gyrases
0%
gyrenes
0%
gyrocar
0%
gyromas
0%
gyronny
0%
gytrash
0%
No matching quizzes found
Score Distribution
Percent of People with Each Score
Percentile by Number Answered
Your Score History
You have not taken this quiz